Jus naturae
Na minha lista:
| Autor principal: | |
|---|---|
| Formato: | Livro |
| Idioma: | latim |
| Publicado em: |
Hildesheim
Georg Olms
1968
|
| Colecção: | Christian Wolff Gesammelte Werke, 22-23-24
|
| Assuntos: | |
| Tags: |
Adicionar Tag
Sem tags, seja o primeiro a adicionar uma tag!
|
MARC
| LEADER | 00000nam a2200000 a 4500 | ||
|---|---|---|---|
| 001 | UCL8874 | ||
| 003 | CL-VaPUC | ||
| 008 | 040709e19680000GW |||||||||||||||||lat|d | ||
| 082 | 0 | 4 | |a 340.1 |b WOL |2 21 |
| 100 | 0 | |a Wolff, Christian |e author |9 349066 | |
| 245 | 1 | 0 | |a Jus naturae |
| 246 | 1 | 0 | |a Jus naturae methodo scientifica |
| 300 | |a v | ||
| 942 | |c BK | ||
| 945 | |d 20040709 00:00:00 |a cmena | ||
| 260 | |a Hildesheim |b Georg Olms |c 1968 | ||
| 500 | |a v.2: De dominio ac inde resultantibus juribus cumque iis connexis obligationibus | ||
| 500 | |a v.3: De modo derivativo acqvirendi dominivm et jvs qvodvnque praesertim in re alterivs: ubi et agitvr de officis circa sermonen, jvramentis ac votis, nec non usvcapione et praescriptione | ||
| 500 | |a v.4: De actibvs ad aliorvm vtilitatem tendentibvs in specie, vbi agitvr de donationibvs, et de contractibvs tam beneficis, qvam onerosis praecipvis | ||
| 500 | |a v.5: De contractibvs onerosis reliqvis, qvasi contractibvs, modis tollendi obligationem ex contractv, et de jvre in re sv a alteri constitvto, velvti pignore, hypotheca et servitvtibvs | ||
| 500 | |a v.6: Dominio utili in specie de feudo, accedit doctrina de interpretatione, de jure ex communione primaeva residuo, de officiis erga mortuos, nondum natos e posteros nec non eruditorum | ||
| 500 | |a v.7: Imperio privato, in qua tam de imperio ac societate in genere quam de officiis ac iure in societatibus conjugali, paterna, herili atque domo agitur seu ius omne personarum demonstratur | ||
| 500 | |a v.8: Imperio publico seu jure civitatis, in qua omne jus publicum universale demonstratur et verioris politicae inconcussa fundamenta ponuntur | ||
| 650 | 0 | |a Filosofía del derecho |9 255050 | |
| 650 | 0 | |a Derecho natural |9 255041 | |
| 650 | 0 | |a Derecho civil |9 255013 | |
| 583 | |a last modification |c 20040709 00:00:00 |k Rodrigo Vera | ||
| 490 | 0 | |a Christian Wolff Gesammelte Werke, 22-23-24 | |
| 999 | |c 309968 |d 309966 | ||
| 952 | |0 0 |1 0 |4 0 |6 340_100000000000000_WOL_1968 |7 0 |8 DER_HIS |9 377860 |a BIBDER |b BIBDER |d 2019-11-21 |h v.6 |i 4035178 |o 340.1 WOL 1968 |p 4035178 |r 2023-01-25 |w 2019-11-21 |x Ubicación 4to Piso |y BK |z Estos recursos deben solicitarse con anticipación |k DER | ||
| 952 | |0 0 |1 0 |4 0 |6 340_100000000000000_WOL_1968 |7 0 |8 DER_HIS |9 377861 |a BIBDER |b BIBDER |d 2019-11-21 |h v.7 |i 4035151 |o 340.1 WOL 1968 |p 4035151 |r 2023-01-25 |w 2019-11-21 |x Ubicación 4to Piso |y BK |z Estos recursos deben solicitarse con anticipación |k DER | ||
| 952 | |0 0 |1 0 |4 0 |6 340_100000000000000_WOL_1968 |7 0 |8 DER_HIS |9 377862 |a BIBDER |b BIBDER |d 2019-11-21 |h v.8 |i 403516K |o 340.1 WOL 1968 |p 403516K |r 2023-01-25 |w 2019-11-21 |x Ubicación 4to Piso |y BK |z Estos recursos deben solicitarse con anticipación |k DER | ||
| 952 | |0 0 |1 0 |4 0 |6 340_100000000000000_WOL_1968 |7 0 |8 DER_HIS |9 377863 |a BIBDER |b BIBDER |d 2019-11-21 |h v.2 |i 4091647 |o 340.1 WOL 1968 |p 4091647 |r 2023-01-25 |w 2019-11-21 |x Ubicación 4to Piso |y BK |z Estos recursos deben solicitarse con anticipación |k DER | ||
| 952 | |0 0 |1 0 |4 0 |6 340_100000000000000_WOL_1968 |7 0 |8 DER_HIS |9 377864 |a BIBDER |b BIBDER |d 2019-11-21 |h v.3 |i 4091655 |o 340.1 WOL 1968 |p 4091655 |r 2023-01-25 |w 2019-11-21 |x Ubicación 4to Piso |y BK |z Estos recursos deben solicitarse con anticipación |k DER | ||
| 952 | |0 0 |1 0 |4 0 |6 340_100000000000000_WOL_1968 |7 0 |8 DER_HIS |9 377865 |a BIBDER |b BIBDER |d 2019-11-21 |h v.4 |i 4091663 |o 340.1 WOL 1968 |p 4091663 |r 2023-01-25 |w 2019-11-21 |x Ubicación 4to Piso |y BK |z Estos recursos deben solicitarse con anticipación |k DER | ||
| 952 | |0 0 |1 0 |4 0 |6 340_100000000000000_WOL_1968 |7 0 |8 DER_HIS |9 377866 |a BIBDER |b BIBDER |d 2019-11-21 |h v.5 |i 4091671 |o 340.1 WOL 1968 |p 4091671 |r 2023-01-25 |w 2019-11-21 |x Ubicación 4to Piso |y BK |z Estos recursos deben solicitarse con anticipación |k DER | ||